000 00369 a2200121 4500
001 ART_10364
005 20260410161731.0
008 260409a
245 1 0 _aTratamiento de Reforma de Impuesto a las Ganancias
100 1 _aLlanos, Eduardo
700 1 _aShilton, Edgardo
773 0 _tEjecutivos de finanzas
_g- Año 3, Nº 21 (sep. 1985)
_wREV2863
999 _c17893
_d17893